[Event "8th ch-Euro"]
[Site "Dresden GER"]
[Date "2007.04.05"]
[Round "3"]
[White "Volke,K"]
[Black "Eisenbeiser,A"]
[Result "1-0"]
[WhiteElo "2490"]
[BlackElo "2329"]
[EventDate "2007.04.03"]

1. d4 g6 2. c4 Bg7 3. e4 d6 4. Nc3 e5 5. d5 f5 6. exf5 gxf5 7. Qh5+ Kf8 8.
f4 Qe8 9. Qxe8+ Kxe8 10. fxe5 dxe5 11. Be2 Na6 12. Bg5 Bd7 13. Nf3 Ne7 14.
Nh4 f4 15. Bh5+ Kf8 16. g3 Nf5 17. gxf4 Nxh4 18. Bxh4 exf4 19. O-O Bxc3 20.
bxc3 Kg7 21. Bg5 Be8 22. Bg4 Rg8 23. Rae1 h6 24. Re7+ Kg6 25. Bxf4 h5 26.
Re6+ Kg7 27. Be5+ Kh7 28. Re7+ Kh6 29. Rf6+ Kg5 30. Be6 Rg6 31. Rf8 1-0

[Event "8th ch-Euro"]
[Site "Dresden GER"]
[Date "2007.04.05"]
[Round "3"]
[White "Jahnel,G"]
[Black "Williams,Si1"]
[Result "0-1"]
[WhiteElo "2303"]
[BlackElo "2483"]
[EventDate "2007.04.03"]

1. d4 e6 2. c4 f5 3. Nf3 Nf6 4. g3 Bb4+ 5. Bd2 Be7 6. Bg2 O-O 7. O-O d6 8.
Nc3 Nc6 9. d5 Ne5 10. b3 Nxf3+ 11. exf3 e5 12. f4 exf4 13. Bxf4 Ng4 14. Nb5
Bf6 15. Rb1 Ne5 16. Nd4 Ng6 17. Bc1 f4 18. Bb2 Be5 19. Be4 Qf6 20. Qd2 Bh3
21. Bg2 Bf5 22. Rbd1 Rac8 23. Ba1 Rcd8 24. b4 h5 25. c5 Bg4 26. f3 Bd7 27.
Ne2 Bxa1 28. Rxa1 Bb5 29. Rae1 Rfe8 30. Rf2 h4 31. Bh3 hxg3 32. hxg3 fxg3
33. Rg2 Nh4 0-1

[Event "8th ch-Euro"]
[Site "Dresden GER"]
[Date "2007.04.05"]
[Round "3"]
[White "Huschenbeth,N"]
[Black "Hera,I"]
[Result "0-1"]
[WhiteElo "2259"]
[BlackElo "2501"]
[EventDate "2007.04.03"]

1. e4 e5 2. Nf3 d6 3. d4 exd4 4. Nxd4 Nf6 5. Nc3 Be7 6. Bd3 O-O 7. O-O c6
8. b3 d5 9. e5 Ng4 10. Bf4 f6 11. e6 Ne5 12. Bxe5 fxe5 13. Qh5 e4 14. Nxe4
g6 15. Qe5 dxe4 16. Qxe4 Qd5 17. Qg4 Kg7 18. Rae1 Na6 19. c4 Qg5 20. Qh3
Qf6 21. Qg4 Qf4 22. Re4 Qxg4 23. Rxg4 Nc5 24. Bc2 Nxe6 25. Nxe6+ Bxe6 26.
Re4 Rf6 27. Rfe1 Kf7 28. g4 Bc5 29. R1e2 Re8 30. b4 Bxb4 31. c5 Bxc5 32. g5
Rf5 33. Bb3 Bxb3 34. Rxe8 Rxg5+ 0-1

[Event "8th ch-Euro"]
[Site "Dresden GER"]
[Date "2007.04.05"]
[Round "3"]
[White "Klokas,K"]
[Black "Jakubowski,K"]
[Result "1-0"]
[WhiteElo "2231"]
[BlackElo "2483"]
[EventDate "2007.04.03"]

1. e4 c5 2. Nf3 d6 3. d4 cxd4 4. Nxd4 Nf6 5. Nc3 a6 6. Bg5 e6 7. f4 Be7 8.
Qf3 Qc7 9. O-O-O Nbd7 10. g4 O-O 11. Bh4 Kh8 12. g5 Ng8 13. f5 b5 14. g6
Bxh4 15. Qh5 Ndf6 16. Qxh4 b4 17. Nce2 e5 18. gxh7 Nh6 19. Rg1 exd4 20. Qg5
Nfg4 21. Rxg4 Nxg4 22. Qxg4 Qe7 23. Nf4 Bb7 24. Bd3 Qf6 25. Rg1 Rae8 26.
Nh5 Qh6+ 27. Kb1 Rxe4 28. Bxe4 Bxe4 29. Qxe4 Qxh5 30. Qxd4 f6 31. Qxd6 Rf7
32. Qxb4 Qxf5 33. Re1 Rc7 34. Re8+ Kxh7 35. Qh4+ Kg6 36. Qg3+ Kf7 37. Qxc7+
Kxe8 38. Qb8+ Kf7 39. Qb7+ Kg8 40. Qxa6 Qg4 41. Qf1 f5 42. a4 f4 43. a5 f3
44. a6 Qg2 45. Qc4+ Kh7 46. Qe4+ g6 47. b4 Qe2 48. Qh4+ Kg7 49. Qd4+ Kh7
50. a7 Qe8 51. Qh4+ Kg7 52. Qf4 Qc6 53. Qd4+ Kh7 54. Qd8 Qb7 55. a8=Q Qxb4+
56. Kc1 Qe1+ 57. Qd1 Qe3+ 58. Qd2 Qg1+ 59. Kb2 Qb6+ 60. Ka2 1-0

[Event "8th ch-Euro"]
[Site "Dresden GER"]
[Date "2007.04.05"]
[Round "3"]
[White "Bindrich,F"]
[Black "Asauskas,H"]
[Result "1-0"]
[WhiteElo "2469"]
[BlackElo "2264"]
[EventDate "2007.04.03"]

1. Nf3 Nf6 2. d4 g6 3. Bg5 Bg7 4. Nbd2 d5 5. e3 O-O 6. c3 Nbd7 7. Be2 c6 8.
O-O Re8 9. c4 Qb6 10. Qa4 Ne4 11. Nxe4 dxe4 12. Nd2 e5 13. Nxe4 exd4 14.
Nd6 Re6 15. Nxc8 Rxc8 16. Qc2 Rce8 17. Rad1 Nc5 18. Bf4 dxe3 19. Bxe3 Rxe3
20. fxe3 Qxb2 21. Qxb2 Bxb2 22. Rf3 h5 23. Bd3 Kg7 24. Bc2 Re7 25. Kf1 Bf6
26. Rb1 Bg5 27. Rg3 Kh6 28. Ke2 f5 29. Rf3 Kg7 30. g3 Re5 31. h3 Bd8 32.
Rd1 Be7 33. Rd4 Kh6 34. g4 fxg4 35. hxg4 h4 36. Rf7 Bg5 37. Kf3 Re6 38. Rd1
Bf6 39. Kf2 Kg5 40. Ke2 Be5 41. Rf8 h3 42. Rdf1 Bd6 43. Rg8 Ne4 44. Bxe4
Rxe4 45. Rf5+ Kxg4 46. Rf6 Be7 47. Rgxg6+ Kh5 48. Rh6+ Kg5 49. Rfg6+ Kf5
50. Rg3 Rxc4 51. Rgxh3 Bg5 52. Rh7 Rc2+ 53. Kf3 Rc3 54. Ke2 Rc2+ 55. Kd3
Rxa2 56. Rg3 Ra3+ 57. Kc2 Ra2+ 58. Kd1 Ra5 59. Rxb7 Re5 60. Ke2 a5 61. Rc7
Rc5 62. Kd3 Bf6 63. Rg8 Ke6 64. Rg6 Kf5 65. Rh6 Ke6 66. Ra7 Rf5 67. Ra6 Rc5
68. Ke2 Ke7 69. Ra8 Re5 70. Ra7+ Ke6 71. Rc7 Rc5 72. Kd3 Rc3+ 73. Ke4 Rc4+
74. Kf3 a4 75. Ra7 Rb4 76. Ra6 Rc4 77. Ke2 Rc2+ 78. Kd3 Rc3+ 79. Kd2 Rc4
80. Ra7 Rb4 81. Ra6 Rc4 82. Ra5 Ke7 83. Kd3 Rc3+ 84. Ke4 Rc4+ 85. Kf5 1-0

[Event "8th ch-Euro"]
[Site "Dresden GER"]
[Date "2007.04.05"]
[Round "3"]
[White "Jaenig,R"]
[Black "Siebrecht,S"]
[Result "0-1"]
[WhiteElo "2176"]
[BlackElo "2457"]
[EventDate "2007.04.03"]

1. e4 c5 2. Nf3 e6 3. d4 cxd4 4. Nxd4 a6 5. Bd3 Nf6 6. O-O Qc7 7. c4 g6 8.
Nc3 Bg7 9. Be3 d6 10. h3 O-O 11. Rc1 Nbd7 12. b3 b6 13. Qd2 Nc5 14. Bb1 Bb7
15. f3 Rfe8 16. Rfd1 Rad8 17. Qf2 Qb8 18. Nde2 Ba8 19. b4 Ncd7 20. a3 Rc8
21. Ba2 h6 22. Ng3 b5 23. Qd2 d5 24. Bf4 e5 25. Bxh6 dxc4 26. Nf5 Bxh6 27.
Nxh6+ Kg7 28. Qg5 Qa7+ 29. Kh2 Nh7 30. Qh4 Ndf6 31. Ng4 Nxg4+ 32. hxg4 Rh8
33. Qe1 Ng5+ 34. Kg3 Ne6 35. Nd5 Nd4 36. Bb1 Rh7 37. Qf2 Bxd5 38. exd5 Qe7
0-1

[Event "8th ch-Euro"]
[Site "Dresden GER"]
[Date "2007.04.05"]
[Round "3"]
[White "Sondermann,J"]
[Black "Zaragatski,I"]
[Result "0-1"]
[WhiteElo "2154"]
[BlackElo "2445"]
[EventDate "2007.04.03"]

1. e4 e6 2. d4 d5 3. e5 c5 4. c3 Nc6 5. Nf3 Nge7 6. Be2 Qb6 7. dxc5 Qc7 8.
Bf4 Ng6 9. Bg3 Bxc5 10. b4 Bb6 11. Bb5 O-O 12. O-O Ncxe5 13. Kh1 f6 14. h4
Qe7 15. Nd4 a6 16. Be2 Nc6 17. Nc2 Rd8 18. h5 Nf8 19. Nd2 e5 20. Nb3 Be6
21. Qe1 Rac8 22. Rc1 g5 23. hxg6 hxg6 24. Ne3 Ba7 25. a3 d4 0-1

[Event "8th ch-Euro"]
[Site "Dresden GER"]
[Date "2007.04.05"]
[Round "3"]
[White "Womacka,M"]
[Black "Kaphle,Se"]
[Result "1-0"]
[WhiteElo "2448"]
[BlackElo "2010"]
[EventDate "2007.04.03"]

1. e4 c5 2. Nf3 e6 3. d4 cxd4 4. Nxd4 a6 5. Bd3 Qc7 6. Qe2 d6 7. O-O Nd7 8.
c4 Ngf6 9. Nc3 b6 10. f4 Bb7 11. Kh1 Be7 12. Bd2 O-O 13. Rae1 Rad8 14. Nf3
e5 15. Nd5 Nxd5 16. exd5 Bf6 17. Ng5 Bxg5 18. fxg5 Rfe8 19. Bxh7+ Kxh7 20.
Qh5+ Kg8 21. Qxf7+ Kh8 22. Re3 1-0

[Event "8th ch-Euro"]
[Site "Dresden GER"]
[Date "2007.04.05"]
[Round "3"]
[White "Schmidt,Rau"]
[Black "Guseinov,El"]
[Result "1/2-1/2"]
[WhiteElo "1979"]
[BlackElo "2432"]
[EventDate "2007.04.03"]

1. e4 g6 2. d4 d6 3. c4 Nf6 4. Nc3 Bg7 5. f3 O-O 6. Be3 c5 7. dxc5 dxc5 8.
Qxd8 Rxd8 9. Bxc5 Nc6 10. Nge2 b6 11. Ba3 e6 12. Nb5 Ne8 13. Rd1 Ba6 14.
Nec3 Rxd1+ 15. Nxd1 Rd8 16. Ndc3 Bb7 17. Nd1 Bh6 18. Be2 Rd2 19. Rf1 a6 20.
Nbc3 Nd4 21. f4 Rc2 22. Ne3 Rc1+ 23. Bd1 Nf6 24. Kd2 Ra1 25. e5 Ne4+ 26.
Nxe4 Bxe4 27. g3 Nc6 28. Ng4 Bg7 29. Re1 Bf5 30. Ne3 b5 31. Bf3 Rxe1 32.
Kxe1 b4 33. Bxc6 bxa3 34. bxa3 Bf8 35. Nxf5 gxf5 36. a4 a5 37. Ke2 Bc5 38.
Kf3 h5 39. Kg2 Kg7 40. Kh3 Kg6 41. Be8 Be7 42. Kg2 Bc5 43. Kf3 Kg7 44. Bc6
Kg6 45. Ke2 Kg7 46. Bf3 Kg6 47. Kd3 Kh6 48. Ke2 Kg6 49. Kf1 Kh6 50. Kg2 Kg6
51. Be2 Kh6 52. Bd3 Kg6 53. Kf3 Kh6 54. h3 Kg6 55. Bc2 Bb6 56. Kg2 Bc5 57.
Bd3 Bb6 58. Be2 Bc5 59. Bf3 Bb6 60. Bc6 Bc5 61. Kf3 Bb6 62. Kg2 Bc5 63. Be8
Kg7 64. Kf3 Bb6 65. g4 h4 66. Bc6 Bc5 67. Ke2 Kg6 68. Kf3 Kg7 69. Bd7 Kg6
70. gxf5+ exf5 71. Be8 Kg7 1/2-1/2

[Event "8th ch-Euro"]
[Site "Dresden GER"]
[Date "2007.04.05"]
[Round "3"]
[White "Katte,N"]
[Black "Pert,R"]
[Result "0-1"]
[WhiteElo "1928"]
[BlackElo "2450"]
[EventDate "2007.04.03"]

1. d4 Nf6 2. Nf3 d5 3. Bf4 c5 4. e3 Nc6 5. Bd3 Bg4 6. Nbd2 e6 7. c3 Bd6 8.
h3 Bh5 9. g4 Bg6 10. Bxg6 hxg6 11. Ne5 Qc7 12. Qa4 Nd7 13. Ndf3 a6 14. Nxd7
Qxd7 15. Bxd6 Qxd6 16. dxc5 Qxc5 17. O-O-O b5 18. Qf4 b4 19. Ne5 Nxe5 20.
Qxe5 O-O 21. Rd3 Qc4 22. Kd2 bxc3+ 23. Rxc3 Qxa2 24. Ra3 Qc4 25. Rha1 Rac8
26. Qc3 Qe4 27. Qd3 Qf3 28. Qe2 Rc2+ 0-1

[Event "8th ch-Euro"]
[Site "Dresden GER"]
[Date "2007.04.05"]
[Round "3"]
[White "Miroshnichenko,E"]
[Black "Donchenko,A"]
[Result "1-0"]
[WhiteElo "2632"]
[BlackElo "2402"]
[EventDate "2007.04.03"]

1. d4 d5 2. c4 c6 3. Nf3 Nf6 4. Qc2 dxc4 5. Qxc4 Bf5 6. g3 e6 7. Bg2 Nbd7
8. O-O Be7 9. Nc3 O-O 10. Re1 Ne4 11. Qb3 Qb6 12. Nh4 Bxh4 13. gxh4 Nef6
14. Qxb6 axb6 15. Bf4 Rfe8 16. e4 Bg6 17. a4 e5 18. dxe5 Nxe5 19. Rad1 Bh5
20. Bxe5 Rxe5 21. Rd4 Re7 22. f3 h6 23. Red1 g5 24. hxg5 hxg5 25. Kf2 g4
26. Rd8+ Re8 27. Rxa8 Rxa8 28. e5 gxf3 29. Bxf3 Bxf3 30. Kxf3 Nd5 31. Nxd5
cxd5 32. b3 Rc8 33. Ke3 b5 34. a5 b4 35. Rxd5 Rc3+ 36. Kd4 Rxb3 37. Rb5 Rb1
38. Kc4 1-0

[Event "8th ch-Euro"]
[Site "Dresden GER"]
[Date "2007.04.05"]
[Round "3"]
[White "Stefansson,H"]
[Black "Jirka,J"]
[Result "1-0"]
[WhiteElo "2576"]
[BlackElo "2360"]
[EventDate "2007.04.03"]

1. c4 e5 2. Nc3 Nc6 3. Nf3 g6 4. d4 exd4 5. Nxd4 Bg7 6. Nxc6 bxc6 7. g3 Ne7
8. Bg2 O-O 9. O-O Rb8 10. Qa4 d6 11. Qxa7 Be6 12. Qa4 Ra8 13. Qc2 Bxc4 14.
Bg5 f6 15. Bd2 Be6 16. b4 Qd7 17. Rfc1 f5 18. a4 Bc4 19. Rab1 d5 20. Bf4
Nc8 21. Rd1 Nd6 22. b5 Qe6 23. bxc6 Ne4 24. Nxe4 fxe4 25. Rb4 Rfe8 26. Rc1
Qxc6 27. Rxc4 Qxc4 28. Qxc4 dxc4 29. Rxc4 Ra7 30. Bxe4 Re7 31. Bd5+ Kf8 32.
e4 Be5 33. Bh6+ Ke8 34. Bg5 Rg7 35. Bc6+ Kf7 36. Bh6 g5 37. Bxg7 Kxg7 38.
Rc5 Kf6 39. Kg2 Ra6 40. f4 gxf4 41. gxf4 Bd4 42. Rc4 Ba1 43. Kf3 Ke7 44.
Bb5 1-0

[Event "8th ch-Euro"]
[Site "Dresden GER"]
[Date "2007.04.05"]
[Round "3"]
[White "Novikov,St"]
[Black "Bruned,Y"]
[Result "1-0"]
[WhiteElo "2535"]
[BlackElo "2335"]
[EventDate "2007.04.03"]

1. e4 c5 2. Nf3 d6 3. d4 cxd4 4. Nxd4 Nf6 5. Nc3 a6 6. Be3 e6 7. g4 h5 8.
g5 Ng4 9. Bc1 Qb6 10. h3 Ne5 11. Nb3 Nbc6 12. Be3 Qc7 13. f4 Nd7 14. Be2 g6
15. Qd2 b5 16. O-O-O b4 17. Na4 Rb8 18. Kb1 Bb7 19. Rhf1 Be7 20. f5 Bc8 21.
c3 Nde5 22. f6 Bf8 23. Rc1 bxc3 24. Qxc3 d5 25. Bf4 Bb4 26. Bxe5 Qxe5 27.
Qxc6+ Bd7 28. Qxa6 O-O 29. Nac5 Bxc5 30. Rxc5 Qxe4+ 31. Qd3 Qe5 32. Rg1 Ba4
33. Bd1 Qf5 34. Qc2 Qxc2+ 35. Rxc2 e5 36. Rh2 d4 37. Nxd4 Rb4 38. Nb3 Bd7
39. h4 Rbb8 40. Bf3 Be6 41. Rd1 Bf5+ 1-0

[Event "8th ch-Euro"]
[Site "Dresden GER"]
[Date "2007.04.05"]
[Round "3"]
[White "Murariu,A"]
[Black "Becker,Mart"]
[Result "1-0"]
[WhiteElo "2501"]
[BlackElo "2332"]
[EventDate "2007.04.03"]

1. e4 c5 2. Nf3 d6 3. d4 cxd4 4. Nxd4 Nf6 5. Nc3 a6 6. Bg5 e6 7. f4 Qb6 8.
Nb3 Nbd7 9. Qf3 Be7 10. O-O-O Qc7 11. Qg3 O-O 12. Bd3 b5 13. a3 Rb8 14.
Rhe1 e5 15. Qh4 h6 16. Nd5 Nxd5 17. exd5 Bxg5 18. fxg5 Qd8 19. Nd2 Qxg5 20.
Qxg5 hxg5 21. Ne4 Rb6 22. Nxg5 Nc5 23. Bh7+ Kh8 24. b4 Na4 25. Rf1 Bg4 26.
Rd3 Be2 27. Nxf7+ Kxh7 28. Rh3+ Kg6 29. Nxe5+ dxe5 30. Rg3+ Kh7 31. Rxf8
Rb7 32. Re8 Rd7 33. Rxe5 Bc4 34. d6 Rxd6 35. Re7 Rg6 36. Rxg6 Kxg6 37. Ra7
Bf1 38. g3 Kf6 39. Rxa6+ Kf5 40. Ra7 Kf6 41. h4 g6 42. Kd2 Bc4 43. g4 1-0

[Event "8th ch-Euro"]
[Site "Dresden GER"]
[Date "2007.04.05"]
[Round "3"]
[White "Zysk,R"]
[Black "Paehtz,T jr"]
[Result "1/2-1/2"]
[WhiteElo "2483"]
[BlackElo "2318"]
[EventDate "2007.04.03"]

1. d4 e6 2. c4 Bb4+ 3. Bd2 a5 4. g3 d6 5. Bg2 e5 6. d5 Bxd2+ 7. Qxd2 Nh6 8.
Nc3 O-O 9. Nf3 Na6 10. O-O Nc5 11. b3 f5 12. Ng5 f4 13. Nge4 b6 14. Rab1
Bd7 15. a3 Qe8 16. b4 Nxe4 17. Nxe4 Qh5 18. Qd3 axb4 19. axb4 Ra2 20. f3
Rfa8 21. Rfc1 Qg6 22. g4 R8a3 23. Nc3 Qxd3 24. exd3 Rd2 25. Bf1 Nf7 26. Ne4
Rda2 27. c5 h5 28. cxb6 cxb6 29. g5 Bf5 30. h4 Bxe4 31. Rc8+ Kh7 32. fxe4
Nh8 33. Bh3 Ng6 34. Bf5 Rxd3 35. Rd8 Rdd2 36. Rxd6 1/2-1/2

[Event "8th ch-Euro"]
[Site "Dresden GER"]
[Date "2007.04.05"]
[Round "3"]
[White "Beckhuis,G"]
[Black "Akesson,R"]
[Result "0-1"]
[WhiteElo "2313"]
[BlackElo "2475"]
[EventDate "2007.04.03"]

1. Nf3 Nf6 2. c4 e6 3. Nc3 d5 4. d4 Be7 5. Bg5 O-O 6. e3 h6 7. Bh4 b6 8.
Bd3 Bb7 9. O-O Nbd7 10. Qe2 Ne4 11. Bg3 c5 12. cxd5 exd5 13. Rad1 Qc8 14.
Rc1 Ndf6 15. dxc5 Nxg3 16. hxg3 bxc5 17. e4 dxe4 18. Nxe4 Re8 19. Qc2 Bxe4
20. Bxe4 Nxe4 21. Qxe4 Bg5 22. Qd5 Bxc1 23. Rxc1 Qd8 24. Qh5 c4 25. g4 Rb8
26. Rxc4 Rxb2 27. Rf4 Qc7 28. g3 Ree2 29. Nd4 Rxf2 0-1

[Event "8th ch-Euro"]
[Site "Dresden GER"]
[Date "2007.04.05"]
[Round "3"]
[White "Guliev,L"]
[Black "Loxine,J"]
[Result "0-1"]
[WhiteElo "2450"]
[BlackElo "2301"]
[EventDate "2007.04.03"]

1. e4 c5 2. Nf3 Nc6 3. d4 cxd4 4. Nxd4 e5 5. Nb5 d6 6. N1c3 a6 7. Na3 b5 8.
Nd5 Nge7 9. c4 Nd4 10. Be3 Nxd5 11. cxd5 g6 12. Bxd4 exd4 13. Qxd4 Qa5+ 14.
Qd2 Qxd2+ 15. Kxd2 Bh6+ 16. Kc2 f5 17. Bd3 O-O 18. f3 fxe4 19. Bxe4 Bf5 20.
Rae1 Rac8+ 21. Kb3 Rc5 22. Re2 Bxe4 23. fxe4 Bg7 24. Nc2 a5 25. a3 Rfc8 26.
Na1 Rc4 27. Rd1 Be5 28. g3 a4+ 29. Ka2 b4 30. axb4 Rxb4 31. Rdd2 Rcb8 32.
Rc2 Kg7 33. Ka3 Kh6 34. Rcd2 Kg5 35. h3 Bxg3 36. Rg2 Kh4 37. Rd3 Be5 38.
Rg4+ Kh5 39. Nc2 Rxb2 40. Ne1 Rb1 41. Nc2 R8b3+ 42. Rxb3 axb3 0-1

[Event "8th ch-Euro"]
[Site "Dresden GER"]
[Date "2007.04.05"]
[Round "3"]
[White "Borriss,M"]
[Black "Kersten,U"]
[Result "0-1"]
[WhiteElo "2463"]
[BlackElo "2311"]
[EventDate "2007.04.03"]

1. e4 e5 2. Nf3 Nc6 3. Bb5 a6 4. Ba4 Nf6 5. O-O Nxe4 6. d4 exd4 7. Re1 d5
8. Nxd4 Bd6 9. Nxc6 Bxh2+ 10. Kf1 Qh4 11. Be3 O-O 12. Nd4 Bg4 13. Nf3 Qh5
14. Ke2 c5 15. c3 Bc7 16. Rh1 Qf5 17. Bc2 Qe6 18. Nbd2 f5 19. Kf1 Rae8 20.
Nb3 b6 21. Qe1 Qf6 22. Qc1 f4 23. Bd2 h6 24. Bd1 a5 25. a4 Bc8 26. Be2 Kh8
27. Bb5 Re7 28. Qd1 Nd6 29. Be2 Rfe8 30. Nc1 Rxe2 31. Nxe2 Ba6 32. Nfg1 f3
33. gxf3 Rxe2 34. Nxe2 Qxf3 35. Rg1 Ne4 36. Be3 Bg3 37. Qe1 Bh2 38. Rc1
Ng3+ 39. Rxg3 Qh1+ 0-1

[Event "8th ch-Euro"]
[Site "Dresden GER"]
[Date "2007.04.05"]
[Round "3"]
[White "Makoli,P"]
[Black "Safarli,E"]
[Result "0-1"]
[WhiteElo "2245"]
[BlackElo "2445"]
[EventDate "2007.04.03"]

1. e4 c5 2. Nf3 d6 3. d4 cxd4 4. Nxd4 Nf6 5. Nc3 a6 6. Be2 e5 7. Nf3 Be7 8.
O-O h6 9. h3 Be6 10. Be3 Nbd7 11. a4 Rc8 12. Nd2 O-O 13. Bf3 Qc7 14. Re1
Rfd8 15. a5 Bf8 16. Re2 b5 17. axb6 Nxb6 18. Rxa6 Nc4 19. Nxc4 Bxc4 20. Bb6
Qb7 21. Bxd8 Bxa6 22. Bxf6 Qxb2 23. Re3 Rxc3 24. Rxc3 Qxc3 25. Bd8 Qb4 26.
Kh2 Bb7 27. Qe2 d5 28. exd5 Qd6 29. Kg1 Qxd8 30. Qxe5 Bd6 31. Qd4 Qa5 32.
g3 Ba6 33. Bg2 h5 34. h4 Qe1+ 35. Kh2 Qe7 36. Kg1 Bc5 37. Qc3 g6 38. Bf3
Bb4 39. Qd4 Qc5 40. Qe4 Qc3 41. Kg2 Bc5 42. Qa4 Qe1 0-1

[Event "8th ch-Euro"]
[Site "Dresden GER"]
[Date "2007.04.05"]
[Round "3"]
[White "Wilke,W"]
[Black "Hunt,A"]
[Result "0-1"]
[WhiteElo "2245"]
[BlackElo "2461"]
[EventDate "2007.04.03"]

1. e4 c5 2. c3 d5 3. exd5 Qxd5 4. d4 Nc6 5. Nf3 Bg4 6. Be2 e6 7. h3 Bh5 8.
c4 Qd6 9. d5 Bxf3 10. Bxf3 Nd4 11. Nc3 e5 12. O-O O-O-O 13. Ne4 Qb6 14. Be3
Nf6 15. Bxd4 exd4 16. Ng5 Qc7 17. Re1 Kb8 18. Qa4 h6 19. Ne4 Nd7 20. Rad1
f5 21. Ng3 g6 22. Re6 Ne5 23. Qb3 Bd6 24. Re1 Rhg8 25. a4 Nf7 26. Rf6 Ne5
27. Re6 Rg7 28. Nf1 Re7 29. g3 Rde8 30. R1xe5 Bxe5 31. Rxg6 Rh8 32. Rc6 Qa5
33. Re6 Rxe6 34. dxe6 Qc7 35. Bd5 h5 36. f4 Bf6 37. Qd3 Qh7 38. h4 Rg8 39.
Kh2 Be7 40. Nd2 Qg7 41. Qf3 d3 42. Qxd3 Bxh4 43. Nf1 Bf6 44. Qxf5 h4 45. e7
hxg3+ 46. Kg2 Re8 47. Qd7 Qxe7 48. Qxe7 Rxe7 49. Nxg3 Bxb2 50. Ne4 b6 51.
f5 Rg7+ 52. Kf3 Rg1 53. Kf4 Kc7 54. f6 Kd7 55. a5 Rf1+ 56. Kg5 bxa5 57.
Nxc5+ Kd6 58. Ne4+ Ke5 59. f7 a4 60. Nd2 Bc1 0-1

[Event "8th ch-Euro"]
[Site "Dresden GER"]
[Date "2007.04.05"]
[Round "3"]
[White "Marzolo,C"]
[Black "Hindermann,F"]
[Result "0-1"]
[WhiteElo "2472"]
[BlackElo "2260"]
[EventDate "2007.04.03"]

1. d4 Nf6 2. c4 g6 3. Nc3 d5 4. h4 dxc4 5. e4 c5 6. d5 b5 7. e5 b4 8. exf6
bxc3 9. Bxc4 Nd7 10. Qa4 Qb6 11. bxc3 Qxf6 12. Ne2 Bg7 13. Bb5 Qd6 14. Bf4
Be5 15. Bxe5 Qxe5 16. Rh3 Rb8 17. Rd1 a6 18. Bc6 Rb2 19. Re3 Qh2 20. Kf1
Qd6 21. Nf4 O-O 22. Nd3 Nb6 23. Qe4 Rxa2 24. Kg1 e6 25. Nf4 Kh8 26. Qb1
Rxf2 27. Kxf2 Qxf4+ 28. Rf3 Qxh4+ 29. Kg1 Nxd5 30. Qb8 Kg8 31. Qd6 c4 32.
Qe5 Qd8 33. Bxd5 exd5 34. Rxd5 Qe8 0-1

[Event "8th ch-Euro"]
[Site "Dresden GER"]
[Date "2007.04.05"]
[Round "3"]
[White "Lobzhanidze,D"]
[Black "Bente,B"]
[Result "1/2-1/2"]
[WhiteElo "2446"]
[BlackElo "2228"]
[EventDate "2007.04.03"]

1. e4 e5 2. Nf3 Nc6 3. Bb5 a6 4. Ba4 Nf6 5. d3 d6 6. c3 Be7 7. O-O O-O 8.
Re1 b5 9. Bc2 Na5 10. b4 Nb7 11. d4 Bg4 12. d5 Qc8 13. a4 c6 14. h3 Bd7 15.
axb5 axb5 16. Rxa8 Qxa8 17. Bb3 Rc8 18. Bg5 cxd5 19. Bxf6 Bxf6 20. Bxd5 Be7
21. Re2 Qb8 22. Ra2 Nd8 23. Nfd2 Ne6 24. Nf1 Nf4 25. Ne3 Bd8 26. Ra8 Qb6
27. Rxc8 Bxc8 28. Nd2 Qa7 29. Ndf1 Bb6 30. Bb3 Qc7 31. Nd5 Nxd5 32. Qxd5
Qd7 33. Qd3 Bb7 34. h4 h6 35. Ng3 g6 36. h5 Kg7 37. hxg6 fxg6 38. c4 Qc7
39. cxb5 Qc1+ 40. Nf1 Qf4 41. Ne3 Bxe3 42. fxe3 Qxe4 43. Qxe4 Bxe4 44. b6
Bb7 45. Kf2 Kf6 46. Bc2 d5 47. Bb3 e4 48. Ba4 Ke5 49. Be8 g5 50. Ke2 d4 51.
exd4+ Kxd4 52. g4 Kc4 53. Ke3 Kxb4 54. Bg6 Kc5 55. Bxe4 Kxb6 56. Bxb7 Kxb7
57. Ke4 Kc6 58. Kf5 Kd6 59. Kg6 Ke6 60. Kxh6 Kf6 61. Kh5 Kf7 62. Kxg5
1/2-1/2

[Event "8th ch-Euro"]
[Site "Dresden GER"]
[Date "2007.04.05"]
[Round "3"]
[White "Ringoir,T"]
[Black "Loeffler,S"]
[Result "0-1"]
[WhiteElo "2200"]
[BlackElo "2448"]
[EventDate "2007.04.03"]

1. e4 c5 2. Nc3 Nc6 3. f4 e6 4. Nf3 Nge7 5. g3 d5 6. d3 b6 7. Bg2 dxe4 8.
Nxe4 Bb7 9. O-O Nf5 10. g4 Nfd4 11. Ne5 Be7 12. Nxc6 Nxc6 13. Bd2 c4 14.
Bc3 cxd3 15. f5 dxc2 16. Qxc2 e5 17. Rad1 Qc8 18. Qf2 f6 19. g5 fxg5 20. f6
O-O 21. f7+ Kh8 22. Qg3 Qe6 23. Nxg5 Bxg5 24. Qxg5 Rxf7 25. Rxf7 Qxf7 26.
Bxc6 Bxc6 27. Rd8+ Rxd8 28. Qxd8+ Be8 29. Bxe5 Qg6+ 30. Bg3 Qb1+ 31. Kf2
Qxb2+ 32. Ke3 Qc1+ 33. Kf2 Qc5+ 34. Ke2 Qc4+ 35. Ke3 Qe6+ 36. Kd3 h6 37. a3
Kh7 38. Kc3 Qc6+ 39. Kb2 Qb5+ 40. Kc3 Qc5+ 41. Kd2 Qa5+ 0-1

[Event "8th ch-Euro"]
[Site "Dresden GER"]
[Date "2007.04.05"]
[Round "3"]
[White "Zweschper,E"]
[Black "Skoberne,J"]
[Result "0-1"]
[WhiteElo "2170"]
[BlackElo "2436"]
[EventDate "2007.04.03"]

1. d4 d6 2. c4 g6 3. Nc3 Nf6 4. e4 Bg7 5. f3 O-O 6. Be3 Nc6 7. Qd2 a6 8.
Nge2 Rb8 9. Nc1 e5 10. Nb3 exd4 11. Nxd4 Ne5 12. Be2 c5 13. Nc2 Be6 14. Na3
Qc7 15. O-O Rbd8 16. Rac1 Qb6 17. b3 Qa5 18. Nab1 Nc6 19. Bg5 Nd4 20. Bd3
Rb8 21. f4 h6 22. Bh4 Bd7 23. h3 Bc6 24. Rce1 Rbe8 25. e5 dxe5 26. fxe5 Nd7
27. Bf6 Nxe5 28. Rxe5 Rxe5 29. Bxe5 Bxe5 30. Qxh6 Bg7 31. Qh4 Qd8 32. Qg3
Re8 33. Kh1 Re5 34. Qf4 Nf5 35. Bxf5 Rxf5 36. Qc1 Qd3 0-1

[Event "8th ch-Euro"]
[Site "Dresden GER"]
[Date "2007.04.05"]
[Round "3"]
[White "Kaplan,S"]
[Black "Windelband,J"]
[Result "1/2-1/2"]
[WhiteElo "2417"]
[BlackElo "2174"]
[EventDate "2007.04.03"]

1. e4 c5 2. Nf3 d6 3. d4 cxd4 4. Nxd4 Nf6 5. Nc3 g6 6. Be2 Bg7 7. O-O O-O
8. Bg5 h6 9. Bh4 Nc6 10. Nb3 Be6 11. Kh1 a6 12. f4 b5 13. Bf3 Rc8 14. Nd5
Bxd5 15. exd5 Na5 16. c3 Nc4 17. Qe2 Qd7 18. Rfe1 Rfe8 19. Qf2 a5 20. Nd4
Nb6 21. Ne6 Nbxd5 22. Nxg7 Kxg7 23. Qd2 Nb6 24. Qd4 Qc7 25. Rxe7 Qxe7 26.
Qxb6 Qe3 27. Qxb5 Ne4 28. Qxa5 g5 29. fxg5 hxg5 30. Be1 Qf4 31. h3 Re5 32.
Qa6 Rce8 33. Qd3 Ng3+ 34. Bxg3 Qxg3 35. Rf1 Re1 36. Be2 Re3 37. Qd4+ Re5
38. Bc4 Rxf1+ 39. Bxf1 Qe1 40. Kg1 d5 41. Kh2 Kf6 42. Bb5 Qe4 43. a4 Qxd4
44. cxd4 Re3 45. Bc6 Ke6 46. a5 Kd6 47. Bb7 Rd3 48. a6 Kc7 49. Bxd5 Kb6 50.
b3 f6 51. Bc4 Rxd4 52. Kg3 f5 53. Kf2 Rd2+ 54. Kf3 Rb2 55. Kg3 f4+ 56. Kf3
Rc2 57. Bf1 Rc3+ 58. Kg4 Rg3+ 59. Kh5 Ka7 60. Kg6 Kb6 61. Kh5 Ka7 1/2-1/2

[Event "8th ch-Euro"]
[Site "Dresden GER"]
[Date "2007.04.05"]
[Round "3"]
[White "Paehtz,T sr"]
[Black "Lyell,M"]
[Result "1-0"]
[WhiteElo "2427"]
[BlackElo "2212"]
[EventDate "2007.04.03"]

1. e4 e5 2. Bc4 Nf6 3. d3 Bc5 4. Nf3 Nc6 5. c3 Bb6 6. b4 d6 7. O-O Bg4 8.
h3 Bh5 9. Nbd2 Qd7 10. a4 a5 11. Bb5 g5 12. bxa5 Bxa5 13. Qb3 g4 14. hxg4
Qxg4 15. Nh2 Qg6 16. Ndf3 Bxf3 17. Nxf3 Rg8 18. g3 Bb6 19. Kg2 Nh5 20. Nh4
Qg5 21. Nf5 Nf4+ 22. Bxf4 exf4 23. Qd1 Qg4 24. Rh1 fxg3 25. fxg3 O-O-O 26.
Bxc6 bxc6 27. a5 Ba7 28. Rh5 Qf4 29. Ra2 Rde8 30. Qf3 Qc1 31. d4 Qb1 32.
Re2 c5 33. Rxh7 Rh8 34. Qh5 Rxh7 35. Qxh7 Qd3 36. Re3 Qd2+ 37. Kf3 cxd4 38.
cxd4 Qd1+ 39. Kf4 Bxd4 40. Nxd4 Qxd4 41. Qxf7 Qe5+ 42. Kf3 Qh8 43. Qf5+ Kd8
44. Kg2 Qb2+ 45. Qf2 Qa1 46. Rb3 Qxa5 47. Qf6+ Kd7 48. Qf7+ Re7 49. Qf5+
Qxf5 50. exf5 c5 51. g4 d5 52. f6 Re4 53. Kf3 Kc6 54. g5 1-0

[Event "8th ch-Euro"]
[Site "Dresden GER"]
[Date "2007.04.05"]
[Round "3"]
[White "Manca,F"]
[Black "Kongevold,H"]
[Result "1-0"]
[WhiteElo "2417"]
[BlackElo "2178"]
[EventDate "2007.04.03"]

1. e4 d5 2. exd5 Nf6 3. c4 e6 4. dxe6 Bxe6 5. Nf3 Qe7 6. Be2 Bxc4 7. d3 Be6
8. O-O Nc6 9. d4 O-O-O 10. Nc3 Qd7 11. Be3 Nd5 12. Rc1 Nxe3 13. fxe3 g5 14.
Bb5 Bg7 15. Qa4 g4 16. Ng5 Bh6 17. Nce4 Bd5 18. Rxc6 Bxc6 19. Qxa7 Qe7 20.
Bxc6 bxc6 21. Nc5 Qxe3+ 22. Kh1 1-0